[Event "CAN-ch"]
[Site "Toronto CAN"]
[Date "2025.04.19"]
[Round "5.3"]
[White "Noritsyn, Nikolay"]
[Black "Ivanov, Mike"]
[Result "1-0"]
[WhiteElo "2450"]
[BlackElo "2402"]
[WhiteFideId "-1"]
[WhiteFideId "-1"]
[PlyCount "123"]
[GameId "2170886165189994"]
[EventDate "2025.04.17"]
[EventType "swiss"]
[EventRounds "9"]
[EventCountry "CAN"]

1. e4 e6 2. d4 d5 3. Nc3 Bb4 4. e5 c5 5. a3 Bxc3+ 6. bxc3 Nc6 7. Nf3 Nge7 8. a4 Qa5 9. Bd2 c4 10. Ng5 h6 11. Nh3 Bd7 12. Nf4 O-O-O 13. Be2 f6 14. exf6 gxf6 15. Bg4 e5 16. Bxd7+ Rxd7 17. Nh5 Rd6 18. O-O Kb8 19. dxe5 Nxe5 20. Re1 N7c6 21. Ng3 Rdd8 22. h3 Ka8 23. Rb1 Qc7 24. Be3 Qd7 25. Qh5 Qf7 26. Red1 Rd7 27. Qxf7 Nxf7 28. Nh5 Rhd8 29. Bf4 d4 30. Nxf6 Re7 31. cxd4 Nxd4 32. Kf1 Re6 33. Bc7 Rc8 34. Nd5 Nxc2 35. Rdc1 Nd4 36. Rxc4 Nc6 37. a5 Nd6 38. Ra4 Re4 39. Ra2 Nc4 40. Bg3 N6xa5 41. Nc7+ Kb8 42. Rc1 b6 43. Rxa5 bxa5 44. f3 Nd2+ 45. Kg1 Rc4 46. Rd1 Nb3 47. Nb5+ Ka8 48. Rd7 Rc1+ 49. Kh2 R8c7 50. Nxc7+ Kb7 51. Ne6+ Ka6 52. Rd6+ Kb5 53. Nd4+ Nxd4 54. Rxd4 a4 55. Rd5+ Ka6 56. Be5 Rc2 57. f4 Kb6 58. f5 a3 59. f6 a2 60. f7 Rc8 61. Rd2 Rf8 62. Rxa2 1-0

[Event "CAN-ch"]
[Site "Toronto CAN"]
[Date "2025.04.20"]
[Round "6.7"]
[White "Ivanov, Mike"]
[Black "Bao, Tony"]
[Result "1-0"]
[WhiteElo "2402"]
[BlackElo "1980"]
[WhiteFideId "-1"]
[WhiteFideId "-1"]
[PlyCount "65"]
[GameId "2170886165206389"]
[EventDate "2025.04.17"]
[EventType "swiss"]
[EventRounds "9"]
[EventCountry "CAN"]

1. e4 c5 2. Ne2 Nc6 3. g3 g6 4. Bg2 Bg7 5. O-O d6 6. f4 Bg4 7. h3 Bxe2 8. Qxe2 e6 9. c3 Nge7 10. d3 O-O 11. Be3 b6 12. Nd2 Rc8 13. Bf2 Qd7 14. Rae1 Rce8 15. g4 f5 16. exf5 exf5 17. g5 Kh8 18. Qe6 Qd8 19. Nc4 Nc8 20. Qd5 Na5 21. Nxa5 bxa5 22. Qc6 Rxe1 23. Rxe1 Qb6 24. Re2 Qxc6 25. Bxc6 Rd8 26. d4 cxd4 27. cxd4 d5 28. Bxd5 Nb6 29. Bf7 Bxd4 30. Re8+ Kg7 31. Rxd8 Bxf2+ 32. Kxf2 Kxf7 33. Rb8 1-0

[Event "CAN-ch"]
[Site "Toronto CAN"]
[Date "2025.04.21"]
[Round "8.7"]
[White "Ivanov, Mike"]
[Black "Duong, Thanh Nha"]
[Result "0-1"]
[WhiteElo "2402"]
[BlackElo "2182"]
[WhiteFideId "-1"]
[WhiteFideId "-1"]
[PlyCount "102"]
[GameId "2170886165222787"]
[EventDate "2025.04.17"]
[EventType "swiss"]
[EventRounds "9"]
[EventCountry "CAN"]

1. e4 e5 2. d4 exd4 3. Nf3 Nc6 4. Nxd4 Nf6 5. Nxc6 bxc6 6. Qe2 Qe7 7. Nc3 d6 8. Bg5 h6 9. Bh4 Qe6 10. O-O-O Be7 11. Bg3 Nd7 12. f4 Bf6 13. Qf3 O-O 14. e5 dxe5 15. f5 Qe7 16. Qxc6 Nb6 17. Bd3 Bd7 18. Qe4 Rab8 19. Bf2 c5 20. Bb5 Bxb5 21. Nxb5 c4 22. Nc3 Qb4 23. a3 Qa5 24. Bh4 Bxh4 25. Qxh4 f6 26. Kb1 Rfc8 27. Ka1 Na4 28. Rd5 Qa6 29. Rd7 Nxb2 30. Qg4 Qxa3+ 31. Na2 Qf8 32. Rb1 c3 33. Qe4 Kh8 34. g4 Rc4 35. Qd5 Rd4 36. Qe6 Rb6 37. Rf7 Qd8 38. Qe7 Qxe7 39. Rxe7 Ra6 40. Rxb2 cxb2+ 41. Kxb2 Rxg4 42. Rc7 Rf4 43. Nc3 Ra5 44. Kb3 e4 45. Ne2 Rfxf5 46. c4 e3 47. Kc3 Ra3+ 48. Kd4 Rf2 49. Ng3 Rd2+ 50. Kc5 e2 51. Re7 Ra5+ 0-1

[Event "CAN-ch"]
[Site "Toronto CAN"]
[Date "2025.04.02"]
[Round "9.11"]
[White "Trofimov-Malyshkin, Valentyn"]
[Black "Ivanov, Mike"]
[Result "0-1"]
[WhiteElo "1982"]
[BlackElo "2402"]
[WhiteFideId "-1"]
[WhiteFideId "-1"]
[PlyCount "120"]
[GameId "2174268956074545"]
[EventDate "2025.04.17"]
[EventType "swiss"]
[EventRounds "9"]
[EventCountry "CAN"]

1. d4 c5 2. d5 Nf6 3. c4 e6 4. Nc3 exd5 5. cxd5 d6 6. e4 g6 7. Bf4 a6 8. a4 Bg7 9. Be2 O-O 10. Nf3 Bg4 11. Nd2 Bxe2 12. Qxe2 Nh5 13. Be3 Nd7 14. O-O Re8 15. Kh1 Ne5 16. g3 Qd7 17. Kg2 Ng4 18. Nc4 Nxe3+ 19. Qxe3 Rad8 20. Qf3 b5 21. axb5 axb5 22. Na5 b4 23. Nc6 bxc3 24. Ra7 Qxa7 25. Nxa7 cxb2 26. Nc6 Ra8 27. e5 Rxe5 28. Nxe5 Bxe5 29. Qb3 Ra1 30. f4 Bd4 31. f5 Nf6 32. fxg6 hxg6 33. Qb7 Rxf1 34. Kxf1 Ne4 35. Ke1 Bc3+ 36. Kd1 Nd2 37. Kc2 b1=Q+ 38. Qxb1 Nxb1 39. Kxb1 Kg7 40. Kc2 Ba5 41. Kd3 f5 42. h3 Kf6 43. g4 fxg4 44. hxg4 Ke5 45. Ke3 g5 46. Kd3 Kxd5 47. Ke3 Ke5 48. Kd3 d5 49. Ke3 c4 50. Ke2 d4 51. Kd1 Ke4 52. Ke2 c3 53. Kd1 d3 54. Ke1 Ke3 55. Kf1 d2 56. Kg2 d1=Q 57. Kg3 c2 58. Kg2 c1=Q 59. Kg3 Qg1+ 60. Kh3 Qcf1# 0-1